00356nam a2200109Ia 4500008004100000100002200041245009200063500005300155650001400208942000700222999001700229181011s9999 xx 000 0 und d aSamson Lankeshwar 4aThe Dargah of Qamar Ali Darwesh:An Analytical Study of its impact on the People of pune aJournal of Henry Martyn Institute July- Dec 2001 aMysticism cBR c22183d22183